000 00505nam a22001577a 4500
008 150108b xxu||||| |||| 00| 0 eng d
020 _a9789966088697
050 _aHF5415.13.S683
100 _aSoko, Jeketule J.
_913609
245 _aMarketing for Social Transformation
_cJeketule J. Soko and Paul Katuse
260 _aNairobi
_bPaulines Publishing Africa
_c2014
300 _a136p. ;
_c21cm.
650 _aMarketing
_xsocial aspects
_913610
700 _a Katuse, Paul
_914570
942 _2lcc
_cMONOGRAPH
999 _c121555
_d121555